| 000 | 00614nam a2200205 a 4500 | ||
|---|---|---|---|
| 005 | 20240920063720.0 | ||
| 008 | 991125s1982 ea 000 0 eng u | ||
| 020 | _a9282010368 | ||
| 035 | _aUPN01000035373 | ||
| 049 | _aCG | ||
| 050 | 4 |
_aLC215 _bD6.4 |
|
| 100 | 1 | _aDove, Linda A. | |
| 245 | 1 | 0 |
_aLifelong teacher education and the community school / _cLinda A. Dove. |
| 260 |
_aFederal Republic of Germany : _bUNESCO, Institute for Education, _c1982. |
||
| 300 | _a147 p. | ||
| 440 | 0 |
_aUie monographs ; _v10 |
|
| 650 | 4 |
_aComunidad y escuela _99258 |
|
| 650 | 4 |
_aEducación permanente _97280 |
|
| 905 | _aLibro | ||
| 999 |
_c35373 _d35373 |
||